00681nam a2200217 a 450000100060000000300080000600500170001400800410003102000150007203500210008704000270010804100130013508200290014810000440017724500960022126000350031730000270035265000430037970000220042270000190044455446BD-RjUL20211209080251.0111617s1961 ii 000 1 eng d a8171673112 a(BD-RjUL) 55569 aDLCcDLCbengdBD-RjUL1 aenghurd00a891.43934223bRUU 19611 aRuswa, Mirza Mohammad Hadi,d1857-1931.10aUmrao Jan Ada /cMirza Muhammad Hadi Rusva ; translated by Khushwant singh and M.A. Husaini aCalcutta :bRupa & Co.,cc1961 axvii, 187 p. ;c20 cm. aUrdu fiction Translations into English a singh, Khushwant aHusaini, M.A.